Ethics and foreign policy

Αποθηκεύτηκε σε:
Λεπτομέρειες βιβλιογραφικής εγγραφής
Άλλοι συγγραφείς: Smith, Karen E. 1965- (Επιμελητής έκδοσης), Light, Margot (Επιμελητής έκδοσης)
Μορφή: Βιβλίο
Γλώσσα:English
Δημοσίευση: Cambridge : Cambridge University Press, 2001
Σειρά:LSE monographs in international studies
Θέματα:
Ετικέτες: Προσθήκη ετικέτας
Δεν υπάρχουν, Καταχωρήστε ετικέτα πρώτοι!

MARC

LEADER 00000nam a2200000 i 4500
001 1/62955
008 041015s2001 eng d
020 |a 0-521-00930-8 
035 |l 10074747 
040 |a GR-MY-UA  |b gre  |e aacr 
041 0 |a eng 
082 0 |a 172.4 
245 1 0 |a Ethics and foreign policy /  |c edited by Karen E. Smith, Margot Light 
260 |a Cambridge :   |b Cambridge University Press,   |c 2001 
300 |a 223 p. 
490 1 |a LSE monographs in international studies 
504 |a Includes bibliographical references and index 
650 0 0 |a International relations  |x Moral and ethical aspects. 
650 0 0 |a Diplomacy  |x Moral and ethical aspects. 
700 1 |a Smith, Karen E.  |d 1965-  |4 edt 
700 1 |a Light, Margot.  |4 edt 
830 0 |a LSE monographs in international studies 
852 |a INST  |b RHODES  |e 20041015  |h 172.4 ETH  |p 005400018437  |q 005400018437  |t BK  |y 0 
901 |a BIBL4-2004-3 
909 |a Ρ  |b 109940 
920 |a ΔΙΕΥΡΥΝΣΗ  |b ΕΠΕΑΕΚ ΙΙ-ΤΜΣ  |y ΡΟΔΟΣ  |z 2004-10 
970 |a ΚΟΥΛΑΚΙΟΤΗ  |b ΛΙΤΣΑ  |z 2004/10/15